[Event "Sueca op 7th"]
[Site "Sueca"]
[Date "2023.08.12"]
[Round "7"]
[White "Serrano Requena, Guillem"]
[Black "Lirola Gimeno, Manuel Jaime"]
[Result "1-0"]
[WhiteElo "1568"]
[BlackElo "1466"]
[PlyCount "69"]
[EventDate "2023.08.07"]
[EventType "swiss"]
[EventRounds "9"]
[EventCountry "ESP"]
[SourceTitle "CBM 215 Extra"]
[Source "ChessBase"]
[SourceDate "2023.09.30"]
[SourceVersion "1"]
[SourceVersionDate "2023.09.30"]
[SourceQuality "1"]

1. d4 Nf6 2. Bg5 e6 3. Nf3 d5 4. e3 c5 5. c3 Nc6 6. Bd3 Be7 7. Nbd2 h6 8. Bh4 Qb6 9. Rb1 Bd7 10. 0-0 0-0 11. Ne5 Rad8 12. Re1 Qc7 13. f4 c4 14. Bc2 b5 15. g4 a5 16. g5 Nh7 17. Qh5 Nxe5 18. dxe5 Be8 19. Nf3 f6 20. g6 Kh8 21. Qg4 f5 22. Qg3 Rg8 23. gxh7 Kxh7 24. Bxe7 Qxe7 25. h4 Bh5 26. Kf2 Bxf3 27. Kxf3 g5 28. hxg5 hxg5 29. Rh1+ Kg6 30. Rbg1 g4+ 31. Qxg4+ Kf7 32. Rh7+ Ke8 33. Qxg8+ Kd7 34. Rxe7+ Kxe7 35. Rg7# 1-0

[Event "Sueca op 7th"]
[Site "Sueca"]
[Date "2023.08.09"]
[Round "3"]
[White "Gonzalez Lopez, Lucas I"]
[Black "Lirola Gimeno, Manuel Jaime"]
[Result "1-0"]
[WhiteElo "1824"]
[BlackElo "1466"]
[PlyCount "111"]
[EventDate "2023.08.07"]
[EventType "swiss"]
[EventRounds "9"]
[EventCountry "ESP"]
[SourceTitle "CBM 215 Extra"]
[Source "ChessBase"]
[SourceDate "2023.09.30"]
[SourceVersion "1"]
[SourceVersionDate "2023.09.30"]
[SourceQuality "1"]

1. d4 Nf6 2. c4 g6 3. Nc3 Bg7 4. e4 d6 5. Nf3 0-0 6. Be2 Nbd7 7. 0-0 e5 8. Be3 Ne8 9. d5 h6 10. Nd2 f5 11. exf5 gxf5 12. f3 Qh4 13. Rc1 f4 14. Bf2 Qh5 15. Nde4 Nef6 16. Nb5 Ne8 17. Nxa7 b6 18. Nxc8 Rxc8 19. b4 Ndf6 20. c5 bxc5 21. bxc5 Ra8 22. a4 Nxe4 23. fxe4 Qg5 24. Bf3 Rf6 25. Qe1 Qg6 26. a5 Bf8 27. c6 Rf7 28. Ra1 Rg7 29. Qe2 Nf6 30. Be1 h5 31. h3 Qg5 32. a6 h4 33. a7 Nh7 34. Kh1 Qh6 35. Qf2 Be7 36. Rb1 Rf7 37. Rb7 Bf6 38. Ba5 Qg7 39. Rfb1 Rff8 40. Rxc7 Qg6 41. Rcb7 Ng5 42. Qe2 Nxf3 43. Qxf3 Bd8 44. c7 Bf6 45. Qg4 Qxg4 46. hxg4 Rfc8 47. Kg1 Kf7 48. Bb6 Ke7 49. Rc1 Kd7 50. Rc6 Be7 51. Kf2 Bg5 52. Kf3 Be7 53. Ba5 Bf8 54. Be1 Be7 55. Bb4 Rg8 56. c8R# 1-0

[Event "ESP-ch U10 Rapid"]
[Site "Salobrena"]
[Date "2022.07.09"]
[Round "2"]
[White "Lirola Gimeno, Manuel Jaime"]
[Black "Miralles Serna, Ricardo"]
[Result "0-1"]
[WhiteElo "1180"]
[BlackElo "1310"]
[PlyCount "130"]
[EventDate "2022.07.09"]
[EventType "swiss (rapid)"]
[EventRounds "9"]
[EventCountry "ESP"]
[SourceTitle "EXT 2023"]
[Source "ChessBase"]
[SourceDate "2022.10.05"]
[SourceVersion "1"]
[SourceVersionDate "2022.10.05"]
[SourceQuality "1"]

1. e4 c6 2. d4 d5 3. Nc3 dxe4 4. Nxe4 Bf5 5. f3 Nf6 6. Bd3 e6 7. Nxf6+ Qxf6 8. Bxf5 Qxf5 9. Ne2 Bd6 10. Ng3 Qg6 11. Ne4 Bc7 12. Qe2 0-0 13. Bd2 Nd7 14. 0-0-0 a5 15. g4 Nf6 16. h4 Nxe4 17. Qxe4 Qxe4 18. fxe4 Rfd8 19. c3 e5 20. Be3 exd4 21. Bxd4 Bf4+ 22. Kc2 Re8 23. Rde1 Be5 24. Rhf1 Bg3 25. Bf2 Bxf2 26. Rxf2 Re7 27. Rfe2 h6 28. Kd3 Rd8+ 29. Kc4 Re5 30. Kb3 Rd3 31. Kc2 Rg3 32. Re3 Rxg4 33. Rh3 Rgxe4 34. Rxe4 Rxe4 35. Kd3 Ra4 36. a3 Rf4 37. Ke3 Rf1 38. Rh2 g6 39. Ke2 Rf6 40. Rf2 Rxf2+ 41. Kxf2 Kg7 42. Kf3 Kf6 43. Kg4 Ke5 44. h5 gxh5+ 45. Kxh5 f5 46. Kh4 Kf4 47. Kh3 Kf3 48. c4 f4 49. c5 Kf2 50. b3 f3 51. Kh2 Kf1 52. Kh1 f2 53. b4 axb4 54. axb4 Ke2 55. Kg2 f1Q+ 56. Kg3 Qf3+ 57. Kh4 h5 58. Kg5 Qg4+ 59. Kh6 h4 60. b5 cxb5 61. c6 bxc6 62. Kh7 Qg5 63. Kh8 h3 64. Kh7 h2 65. Kh8 h1R# 0-1